000 00643nam a2200265Ia 4500
005 20260306163440.0
008 008 260114s9999 xx 000 0 eng d
020 _a9781479831487
037 _aEBOOK
040 _aCRL
040 _beng
040 _cCRL
041 _2eng
041 _aeng
084 _qCRL
100 _aGrafton
_9932289
245 0 _aMuhammad In The Seminary: Protestant Teaching About Islam In The Nineteenth Century
260 _bNYU Press
260 _c2025
650 _aHistory
856 _uhttps://academic.oup.com/book/59469
942 _cEBOOK
999 _c1710144
_d1710144